| 000 | 01627nam a2200385Ia 4500 | ||
|---|---|---|---|
| 001 | 9780203725610 | ||
| 003 | BD-DhSAU | ||
| 005 | 20151012151722.0 | ||
| 006 | m|||||o||d|||||||| | ||
| 007 | cr|||| | ||
| 008 | 130904s2014 nyua ob 001 0 eng d | ||
| 020 | _a9780203725610 (e-book : PDF) | ||
| 040 |
_aBD-DhSAU _cBD-DhSAU |
||
| 090 |
_aHD58.8 _b.R6936 2014 |
||
| 092 |
_a658.406 _bR869 |
||
| 245 | 0 | 4 |
_aThe Routledge companion to visual organization _h[electronic resource] / _cedited by Emma Bell, Samantha Warren, and Jonathan Schroeder. |
| 246 | 3 | 0 | _aCompanion to visual organization |
| 260 |
_aNew York : _bRoutledge, _c2014. |
||
| 300 |
_axx, 402 p. : _bill. |
||
| 490 | 1 | _aRoutledge companions in business, management and accounting | |
| 504 | _aIncludes bibliographical references and index. | ||
| 505 | 0 | _apt. 1. Thinking visually about organization -- pt. 2. Strategies of visual organization -- pt. 3. Visual methodologies and methods -- pt. 4. Visual identities and practices -- pt. 5. Visual representations of organization. | |
| 530 | _aAlso available in print edition. | ||
| 538 | _aMode of access: World Wide Web. | ||
| 650 | 0 |
_aOrganizational change _xResearch. |
|
| 650 | 0 | _aSocial media. | |
| 650 | 0 |
_aManagement _xTechnological innovations. |
|
| 655 | 7 |
_aElectronic books. _2lcsh |
|
| 700 | 1 |
_aBell, Emma, _d1968- |
|
| 700 | 1 | _aWarren, Samantha. | |
| 700 | 1 |
_aSchroeder, Jonathan E., _d1962- |
|
| 776 | 1 | _z9780415783675 (hardback) | |
| 830 | 0 | _aRoutledge companions in business, management and accounting. | |
| 856 | 4 | 0 | _uhttp://www.tandfebooks.com/isbn/9780203725610 |
| 999 |
_c12886 _d12885 |
||